| Tag |
First Indicator |
Second Indicator |
Subfields |
| LEADER |
00000cam a2200000 a 4500 |
| 001 |
in00000072669 |
| 005 |
20151008054601.0 |
| 008 |
741108s1923 pau b 00010 eng d |
| 035 |
|
|
|a (OCoLC)01069398
|
| 035 |
|
|
|9 AAJ1089AM
|
| 040 |
|
|
|c WSU
|d m.c.
|d TXA
|d UtOrBLW
|
| 049 |
|
|
|a TXAM
|c [1804222]
|
| 090 |
|
|
|a PR3373
|b .N46
|
| 100 |
1 |
|
|a Nethercot, Arthur H.
|q (Arthur Hobart),
|d 1895-1981.
|
| 245 |
1 |
4 |
|a The reputation of Abraham Cowley (1660-1800) /
|c by Arthur H. Nethercot.
|
| 264 |
|
1 |
|a Philadelphia :
|b [publisher not identified],
|c 1923.
|
| 300 |
|
|
|a 54 pages ;
|c 23 cm.
|
| 336 |
|
|
|a text
|b txt
|2 rdacontent
|
| 337 |
|
|
|a unmediated
|b n
|2 rdamedia
|
| 338 |
|
|
|a volume
|b nc
|2 rdacarrier
|
| 500 |
|
|
|a Cover title.
|
| 504 |
|
|
|a Includes bibliographical references.
|
| 600 |
1 |
0 |
|a Cowley, Abraham,
|d 1618-1667.
|
| 999 |
|
|
|a MARS
|
| 999 |
f |
f |
|s dd8c79d9-358f-3cec-9906-e84c23dd4cda
|i 533fd4ba-f4e3-3518-aaae-d83f723a97c2
|t 0
|
| 952 |
f |
f |
|p normal
|a Texas A&M University
|b College Station
|c Sterling C. Evans Library
|d Evans: Library Stacks
|t 0
|e PR3373 .N46
|h Library of Congress classification
|i unmediated -- volume
|m A14806184354
|
| 998 |
f |
f |
|a PR3373 .N46
|t 0
|l Evans: Library Stacks
|